000 01092nam a22002777a 4500
008 240821b mp ||||| |||| 00| 0 mon d
020 _a978-99978-0-576-8
035 _a7661
040 _aDXO45059
_bmon
_cMN-UlNLM
_dMN-UlNLM
_erda
041 _amon
082 _210-t
_a370
_bД- 121
100 _aДаваасамбуу С.
245 0 _aМиний сонгох мэргэжил
245 0 _bахлах ангийн сурагчдад
245 0 _cхян: П. Одгэрэл, Н. Пусалдулам
250 _a1
264 _aУлаанбаатар
_c2017
300 _a116х.
336 _2rdacontent
_atext
_btxt
337 _2rdamedia
_aunmediated
_bn
338 _2rdacarrier
_avolume
_bnc
505 _tирээдүйн зорилго, алсын хараагаа тодорхойлох; ирээдүйн мэргэжилтэн болоход бэлтгэх; мэргэжил олгох сургуулиа сонгох; таны давуу талыг илрүүлэх оношилгоо; 0
650 _a10989
942 _210-t
_cBK
999 _c1132933
_d1132990